| 000 | 00520nam a22001457a 4500 | ||
|---|---|---|---|
| 003 | OSt | ||
| 005 | 20150905121122.0 | ||
| 008 | 150905b xxu||||| |||| 00| 0 eng d | ||
| 040 | _cRUA | ||
| 082 | _aAGR អ៊ុង 1989 B001 Or.1 | ||
| 100 |
_926 _aអ៊ុង សុភាព |
||
| 245 | _aឥទ្ធិពលជីទៅលើលក្ខណៈដីល្បាប់ពាក់កណ្ដាលជាំទឹកនិងលើទិន្នផលស្រូវ | ||
| 300 |
_a82p. _bill. _c29cm. |
||
| 942 |
_2ddc _cAGR |
||
| 999 |
_c25 _d25 |
||